000 01407nab a2200217 i 4500
001 768714001
003 CO-MdFUSB
005 20240514112757.0
008 240510t1970 sp ||||| |||| 00| 0 spa d
040 _bspa
_cCO-MdFUSB
_dCO-MdFUSB
041 _aspa
100 _aThiel, Josef Franz,
_eautor
245 3 _aLa antropología cultural y la institucional matrimonial
_c/ Josef Franz Thiel
520 _aLas perspectivas de la antropología cultural sobre el matrimonio son el foco de este artículo. Esta no es una lista completa de todos los diferentes tipos de matrimonio; se enumera sólo aquellos factores que determinan quién está casado desde una perspectiva antropológica. Considerando que el espacio a nuestra disposición nos permite elegir tanto en términos de los temas tratados como de los grupos étnicos que se estudiaron, principalmente a los pueblos africanos. Para poner esta declaración en un contexto más amplio, también se agrega información sobre los pueblos semíticos y los pastores nómadas tibetanos para comparar.
650 2 _aConciencia (Moral)
_9927
650 7 _aMatrimonio
_9300
653 _aMatrimonio como institución
773 0 _049450
_982618
_oR2545
_tRevista internacional de teología Concilium
_w(CO-MdFUSB)8
_x0210-1041
_gNúmero 55, (mayo, 1970), páginas: 169 - 182
_qpágina: 169
942 _cANA
945 _aCatherine Arias Alvarez - Practicante SENA
999 _c69673
_d69673